| 000 | 00547nam a2200193 a 4500 | ||
|---|---|---|---|
| 001 | 8200 | ||
| 003 | CO-ViMGA | ||
| 008 | 141112s2004 ck r 000 u spa d | ||
| 020 | _a9589515266 | ||
| 040 |
_aCO-ViMGA _bspa _cCO-ViMGA |
||
| 082 | 0 | 4 | _a891.62 H21a |
| 100 | 1 |
_aHeaney, Seamus _97984 |
|
| 245 | 1 | 0 |
_aAntologia / _cSeamus Heaney |
| 260 |
_aBogotá, _ceditorial labrador, _c1997 |
||
| 300 | _a168 p. | ||
| 590 | _aForma de adquisición : donacion - - Proveedor : luis Ángel arango | ||
| 650 | 1 | 4 |
_aPoesia irlandesa _95367 |
| 942 |
_2ddc _cBK |
||
| 999 |
_c20012 _d20012 |
||